000
00291nam a2200121Ia 4500
008
220216s9999 xx 000 0 und d
100
_a
Heywood M M
245
0
_a
Latex treatment of tyre rayon
260
_b
IRI Transactions
_c
1946
300
_a
159-160
650
_a
Tyre rayon
942
_c
JS
999
_c
62097
_d
62097